| 000 | 00489nam a22001817a 4500 | ||
|---|---|---|---|
| 999 |
_c7427 _d7427 |
||
| 003 | Ost | ||
| 005 | 20190904153628.0 | ||
| 008 | 190904b ||||| |||| 00| 0 eng d | ||
| 020 | _a9781847923677 | ||
| 040 | _cBT-PhCST | ||
| 050 | _a23155 | ||
| 082 |
_222 _a616.99424 _bKAL |
||
| 100 | _aKalanithi, Paul. | ||
| 245 |
_aWhen breath becomes air / _bForeword by Abraham Verghese. |
||
| 260 |
_aLondon : _bThe Bodley Head, _cc2016. |
||
| 300 |
_axix, 228 p. : _bill. ; _c21 cm. |
||
| 942 |
_2ddc _cF |
||